[Event "POL-chT DMP Ekstraliga 2019"]
[Site "Katowice"]
[Date "2019.08.30"]
[Round "3.14"]
[White "Navara, David"]
[Black "Leniart, Arkadiusz"]
[Result "0-1"]
[WhiteElo "2724"]
[BlackElo "2488"]
[Annotator "TA"]
[PlyCount "104"]
[EventDate "2019.08.28"]
[EventType "team-tourn"]
[EventCountry "POL"]
[SourceTitle "playchess.com"]
[Source "ChessBase"]
[SourceQuality "1"]

{[%evp 9,104,19,29,13,24,10,11,5,25,15,49,21,62,58,72,70,58,45,48,53,65,71,66,76,77,86,73,51,77,70,74,77,78,68,66,28,53,32,42,23,70,54,55,19,10,0,66,60,59,10,181,94,247,23,27,0,0,0,0,-202,-184,-274,-70,-194,-205,-1026,-1013,-927,-872,-861,-818,-793,-618,-1448,-1474,-1408,-1400,-1158,-1067,-1385,-921,-1310,-1254,-1601,-1487,-29984,-29985,-29985,-29986,-29985,-12842,-6424,-6215,-29979,-29980,-29979,-29980]} 1. e4 e5 2. Nf3 Nc6 3. Bb5 Nf6 4. d3 Bc5 5. Bxc6 dxc6 6. Qe2 {C65: Ruy Lopez: Berlin Defence (3...Nf6), unusual lines and 4 0-0 Bc5} (6. O-O {keeps more tension.} Bd6 7. a4 Be6 8. b3 O-O 9. Na3) (6. O-O Qe7 7. Nbd2 Bg4 8. h3 Bh5 9. a3 Nd7 10. b4 Bd6 11. Nc4 f6 12. Ne3 Nf8 13. Nf5 Qd7 {½-½ (50) Giri,A (2797)-Topalov,V (2740) Shamkir 2019}) 6... Bg4 7. Nbd2 Qe7 8. h3 {The position is equal.} Bxf3 9. Nxf3 O-O-O 10. a3 $146 ({Predecessor:} 10. Bd2 h6 11. O-O-O Rd7 12. Kb1 Kb8 13. g4 g5 {1-0 (77) Movileanu,D (2163)-Yilmaz,K (1656) Caleta 2018}) 10... a6 11. b4 Ba7 12. O-O Rhe8 13. a4 Qxb4 14. Ba3 $1 {[%cal Ra3b4]} Qxa4 15. Rfb1 $1 {And now Bc1 would win.} c5 {[#]} 16. Bxc5 $1 {[%mdl 576] Discovered Attack} Qxa1 (16... Bxc5 17. Rxa4) 17. Rxa1 Bxc5 18. c3 Bb6 19. Nd2 {[%mdl 1024] White has strong compensation.} Re6 20. Nc4 Ba7 21. Qf3 Rd7 22. Rd1 b5 23. Na5 Bb6 24. Nb3 Red6 25. d4 $36 {[%mdl 2048] Black is under pressure.} c5 {[%cal Rc5d4]} 26. Ra1 c4 $1 {[%cal Rc4b3]} 27. Nc1 (27. dxe5 Rd3 $17) 27... Re6 (27... Ne8 $11) 28. d5 $14 Red6 29. Na2 {aiming for Nb4.} Ne8 $2 {[#]} (29... a5 $11 {and Black has nothing to worry.}) 30. Qh5 (30. Nb4 $1 $18) 30... Rf6 $2 (30... a5 $16) 31. Rf1 $2 ({Don't play} 31. Qxe5 $6 Nc7) (31. Qxh7 Rxf2 32. Kh1 a5 $15) (31. Nb4 $18) 31... Nd6 32. Qxh7 {Black must now prevent Nb4.} (32. Qxe5 $5 {[%cal Ra2b4]} Rd8 33. Nb4 $11) 32... a5 33. Qxg7 Nxe4 {[%cal Rb6f2]} 34. Qg8+ $2 (34. Rb1 $1 $11 {and White stays safe.}) 34... Kc7 $19 {[%cal Re4f2]} 35. Qe8 (35. Kh2 {keeps fighting.} Rxd5 36. Qa8) 35... Rxd5 $2 ({Weaker is} 35... Bxf2+ 36. Rxf2 Nxf2 37. Qxe5+ Rdd6 38. Qe8 $11) (35... Nxf2 $19 36. Rb1 (36. Qxe5+ $2 Kb7 $19) 36... Ng4+ 37. Kh1 Rxd5) 36. Kh2 (36. Qe7+ $15 Kc6 37. Qe8+ Kd6 38. Qb8+ Kc5 39. Qc8+ Rc6 40. Qa8) 36... Bxf2 37. Qa8 $2 (37. Rxf2 Rxf2 38. Qa8) 37... Bg3+ {[%mdl 64] Discovered Attack} 38. Kg1 Rxf1+ 39. Kxf1 Rd1+ 40. Ke2 Rd2+ 41. Ke3 f5 42. Qxa5+ Kc8 43. Qa8+ Kd7 44. Qb7+ {[#]} Kd8 $1 45. Qb6+ {[#]} Ke7 $1 46. Qa7+ Kf6 {( -> ...Bf2+)} 47. Qb6+ {[#]} Kg5 $1 48. h4+ Kh5 49. Kf3 Rf2+ (49... Rxa2 $142 50. Qg1 Rf2+ 51. Qxf2 Bxf2 52. Ke2 Bxh4 53. Kf3 Nxc3 54. Ke3 Bg5+ 55. Kf3 b4 56. Kg3 b3 57. Kh3 b2 58. Kh2 b1=Q 59. Kg3 {[#]} Qg1 $1 {[%mdl 512]} 60. Kh3 Bh4 61. g4+ fxg4#) 50. Qxf2 Bxf2 51. g4+ fxg4+ 52. Kxe4 g3 {Accuracy: White = 29%, Black = 55%.} 0-1

[Event "POL-chT DMP Ekstraliga 2019"]
[Site "Katowice"]
[Date "2019.08.30"]
[Round "3.15"]
[White "Druska, Juraj"]
[Black "Socko, Bartosz"]
[Result "1/2-1/2"]
[WhiteElo "2460"]
[BlackElo "2625"]
[Annotator "TA"]
[PlyCount "91"]
[EventDate "2019.08.28"]
[EventType "team-tourn"]
[EventCountry "POL"]
[SourceTitle "playchess.com"]
[Source "ChessBase"]
[SourceQuality "1"]

{[%evp 9,91,12,12,6,6,6,5,17,25,14,20,14,23,25,19,24,39,36,49,39,51,18,13,22,11,34,27,18,33,0,24,21,80,0,75,0,0,0,0,0,0,0,0,0,0,0,0,0,0,-15,-13,-14,-14,-14,0,0,0,0,0,0,0,0,0,0,0,0,0,0,0,0,0,0,0,0,0,0,0,0,0,0,0,0,0,0]} 1. e4 c5 2. Nf3 d6 3. d4 cxd4 4. Qxd4 Nc6 5. Bb5 a6 6. Bxc6+ {B53: Sicilian: 2...d6: Lines with Qxd4} bxc6 7. O-O e5 8. Qa4 Bd7 9. c4 Qc7 10. Qc2 $146 ({Predecessor:} 10. Nc3 Nf6 11. Bg5 Be7 12. Rad1 O-O 13. Rd3 Be6 {1-0 (51) Popov,I (2619)-Gabrielian,A (2506) Voronezh 2017}) 10... Ne7 11. Nc3 {[%cal Bb1c3,Bc3a4,Ba4c5][%mdl 32]} Ng6 12. c5 dxc5 13. Be3 Nf4 14. Na4 Bg4 15. Nxc5 Bxf3 16. gxf3 Bd6 17. Rfd1 O-O 18. Bxf4 exf4 19. Rd3 Rfe8 20. Rad1 Bf8 (20... Be7 $11 {remains equal.}) 21. Kh1 (21. Nd7 $16) 21... Re5 (21... Qa5 $11 22. Rc3 Bxc5 23. Rxc5 {[%mdl 64] Double Attack} Qxa2) 22. Rd7 ({White should play} 22. Nd7 $16 Re6 23. e5 (23. Nxf8 Rxf8 24. b3 h6 $14)) 22... Rxc5 $11 {[%mdl 64] Remove Defender. The position is equal.} 23. Qxc5 (23. Rxc7 $2 {too greedy.} Rxc2 24. Kg2 Rb8 $19) 23... Qxd7 $1 {[#]} 24. Qxf8+ $1 {[%mdl 512]} Kxf8 (24... Rxf8 25. Rxd7) 25. Rxd7 {[%mdl 4096] Endgame KR-KR} Rb8 26. b3 Rb5 27. Rc7 Rc5 28. Kg2 a5 29. a3 Rb5 30. b4 axb4 31. axb4 Rb6 32. Kh3 Rxb4 33. Rxc6 Rb2 34. Kg4 Rxf2 35. h4 Rh2 36. h5 h6 37. Rc5 Rg2+ 38. Kxf4 Kg8 39. e5 Kf8 40. Rc8+ Ke7 41. Rc7+ Ke6 42. Rc6+ Kd7 43. Ra6 Rg5 44. Ke4 Rxh5 45. Ra7+ Ke8 46. Ra8+ {Accuracy: White = 75%, Black = 58%.} 1/2-1/2

[Event "POL-chT DMP Ekstraliga 2019"]
[Site "Katowice"]
[Date "2019.08.30"]
[Round "3.16"]
[White "Gajewski, Grzegorz"]
[Black "Kaczmarek, Aleksander"]
[Result "1-0"]
[WhiteElo "2613"]
[BlackElo "2389"]
[Annotator "TA"]
[PlyCount "79"]
[EventDate "2019.08.28"]
[EventType "team-tourn"]
[EventCountry "POL"]
[SourceTitle "playchess.com"]
[Source "ChessBase"]
[SourceQuality "1"]

{[%evp 9,79,64,60,50,100,70,119,118,136,104,158,152,171,162,168,152,175,181,196,175,190,188,184,178,171,184,181,183,314,304,284,294,306,306,310,306,296,287,263,266,360,352,352,327,429,408,607,604,603,583,590,543,756,729,744,744,799,783,844,844,839,818,818,808,947,946,1225,1216,1032,974,891,895]} 1. d4 c5 2. d5 e6 3. Nc3 d6 4. e4 a6 5. a4 Ne7 (5... Be7 6. Nf3 e5 7. Be2 Nf6 8. Nd2 Nbd7 9. a5 Nf8 10. Nc4 Ng6 11. Nb6 Rb8 {1-0 (43) Feller,S (2574)-Flom,G (2501) Brest 2018}) 6. Bc4 {A43: Schmid Benoni} e5 7. h4 $146 ({Predecessor:} 7. f4 exf4 8. Nf3 Ng6 9. O-O Nd7 10. Ne2 Nde5 {0-1 (50) Vavrak,P (2210)-Szalanczy,E (2380) Vienna 1998}) 7... g6 8. h5 {White is better.} h6 9. Nf3 Bg7 (9... g5 $142) 10. hxg6 $16 fxg6 11. Be2 Nd7 12. Nd2 b6 13. Nc4 Qc7 14. Ra3 Rb8 15. Rb3 g5 16. Bh5+ Kd8 17. Bg4 Rf8 18. Be6 Ng6 {[#]} (18... Rf6 $142 19. g3 Nf8) 19. Rxh6 $1 $18 {[%mdl 576] Decoy} Bxh6 20. Qh5 $1 {[%csl LRg5,LRg6,LRh6][%mdl 64] Double Attack} Nf6 21. Qxg6 (21. Qxh6 Qh7 $16) 21... Qh7 22. Qxh7 Nxh7 23. Bxc8 ({Not} 23. Rxb6 Rxb6 24. Bxc8 Kxc8 $14) (23. Nxd6 Bxe6 24. dxe6 Rf6 $16) 23... Kxc8 24. Nxd6+ Kc7 25. Nf5 Rf6 26. d6+ Kd7 27. Nd5 {[%mdl 64] Double Attack} Rg6 (27... Bf8 $142 28. Nxb6+ Kd8) 28. Rh3 {White is clearly winning.} Nf6 29. Nxf6+ Rxf6 30. Nxh6 Rxd6 31. Nf5 Rg6 32. Rh7+ Ke6 33. Ne7 Rf6 34. Bxg5 Rf7 35. Rh6+ Kd7 36. Nd5 b5 37. a5 Rg7 38. Bf6 Rg4 39. Nb6+ Ke6 {[#]} 40. Bxe5+ $1 {Accuracy: White = 99%, Black = 38%.} 1-0

[Event "POL-chT DMP Ekstraliga 2019"]
[Site "Katowice"]
[Date "2019.08.30"]
[Round "3.17"]
[White "Osmak, Iulija"]
[Black "Miton, Kamil"]
[Result "1/2-1/2"]
[WhiteElo "2414"]
[BlackElo "2589"]
[Annotator "ChessBase"]
[PlyCount "84"]
[EventDate "2019.08.28"]
[EventType "team-tourn"]
[EventCountry "POL"]
[SourceTitle "playchess.com"]
[Source "ChessBase"]
[SourceQuality "1"]
[TimeControl "40/5400+30:1800+30"]

1. e4 {[%emt 0:00:00]} d5 {[%emt 0:00:07]} 2. exd5 {[%emt 0:00:00]} Qxd5 {[%emt 0:00:07]} 3. Nc3 {[%emt 0:00:17]} Qd8 {[%emt 0:00:07]} 4. d4 {[%emt 0:00:33]} Nf6 {[%emt 0:00:16]} 5. Nf3 {[%emt 0:00:44]} g6 {[%emt 0:00:14]} 6. Bc4 {[%emt 0:03:36]} Bg7 {[%emt 0:00:14]} 7. O-O {[%emt 0:00:10]} O-O {[%emt 0:00:06]} 8. Re1 {[%emt 0:04:27]} Nc6 {[%emt 0:01:07]} 9. h3 {[%emt 0:03:46]} b6 {[%emt 0:04:34]} 10. Be3 {[%emt 0:08:40]} e6 {[%emt 0:05:04]} 11. Qe2 {[%emt 0:05:34]} Bb7 {[%emt 0:04:05]} 12. Rad1 {[%emt 0:00:20]} Ne7 {[%emt 0:01:56]} 13. Ne5 {[%emt 0:07:18]} Nf5 {[%emt 0:04:24]} 14. Ba6 {[%emt 0:03:57]} Qc8 {[%emt 0:18:07]} 15. Bxb7 {[%emt 0:00:40]} Qxb7 {[%emt 0:00:05]} 16. Bg5 {[%emt 0:11:27]} Nd5 {[%emt 0:18:14]} 17. Nxd5 {[%emt 0:04:16]} exd5 {[%emt 0:02:46]} 18. Nd7 {[%emt 0:07:04]} Rfc8 {[%emt 0:01:44]} 19. c3 {[%emt 0:10:39]} c5 {[%emt 0:03:16]} 20. Nf6+ {[%emt 0:00:31]} Bxf6 {[%emt 0:00:30]} 21. Bxf6 {[%emt 0:00:04]} Qc6 {[%emt 0:00:10]} 22. Be5 {[%emt 0:04:36]} Re8 {[%emt 0:01:16]} 23. Qf3 {[%emt 0:01:14]} f6 {[%emt 0:06:04]} 24. Bxf6 {[%emt 0:04:30]} Qxf6 {[%emt 0:01:17]} 25. g4 {[%emt 0:00:22]} cxd4 {[%emt 0:03:55]} 26. Qxd5+ {[%emt 0:03:17]} Kh8 {[%emt 0:03:07]} 27. gxf5 {[%emt 0:00:05]} dxc3 {[%emt 0:00:16]} 28. bxc3 {[%emt 0:01:16]} gxf5 {[%emt 0:02:56]} 29. Qd4 {[%emt 0:04:41]} Rxe1+ {[%emt 0:01:25]} 30. Rxe1 {[%emt 0:00:05]} Qxd4 {[%emt 0:00:20]} 31. cxd4 {[%emt 0:00:03]} Rd8 {[%emt 0:00:08]} 32. Re7 {[%emt 0:02:45]} a5 {[%emt 0:00:43]} 33. Re6 {[%emt 0:00:26]} Rxd4 {[%emt 0:00:57]} 34. Rxb6 {[%emt 0:00:03]} Ra4 {[%emt 0:00:11]} 35. Rb7 {[%emt 0:07:52]} Kg8 {[%emt 0:01:26]} 36. Kg2 {[%emt 0:00:17]} Rxa2 {[%emt 0:01:56]} 37. Rb5 {[%emt 0:01:44]} f4 {[%emt 0:00:07]} 38. Rf5 {[%emt 0:00:02]} Ra4 {[%emt 0:00:19]} 39. Kf3 {[%emt 0:00:07]} Kg7 {[%emt 0:00:32]} 40. Kg4 {[%emt 0:00:00]} Kg6 {[%emt 0:00:00]} 41. f3 {[%emt 0:00:31]} Ra1 {[%emt 0:08:13]} 42. Rb5 {[%emt 0:05:57]} h5+ {[%emt 0:08:37]} 1/2-1/2

[Event "POL-chT DMP Ekstraliga 2019"]
[Site "Katowice"]
[Date "2019.08.30"]
[Round "3.18"]
[White "Socko, Monika"]
[Black "Leks, Maria"]
[Result "1-0"]
[WhiteElo "2436"]
[BlackElo "2129"]
[Annotator "NA"]
[PlyCount "73"]
[EventDate "2019.08.28"]
[EventType "team-tourn"]
[EventCountry "POL"]
[SourceTitle "playchess.com"]
[Source "ChessBase"]
[SourceQuality "1"]
[TimeControl "40/5400+30:1800+30"]

1. d4 {[%emt 0:00:00]} d5 {[%emt 0:00:00]} 2. c4 {[%emt 0:00:00]} c6 {[%emt 0:00:00]} 3. Nf3 {[%emt 0:00:00]} Nf6 {[%emt 0:00:00]} 4. Nbd2 {[%emt 0:00:00]} Bf5 {[%emt 0:00:17]} 5. g3 {[%emt 0:00:00]} e6 {[%emt 0:00:35]} 6. Bg2 {[%emt 0:00:02]} Nbd7 {[%emt 0:01:37]} 7. Nh4 {[%emt 0:00:24]} Bg6 {[%emt 0:01:38]} 8. Nxg6 {[%emt 0:01:10]} hxg6 {[%emt 0:00:06]} 9. O-O {[%emt 0:04:30]} Bb4 {[%emt 0:05:34]} 10. Qc2 {[%emt 0:05:16]} Bxd2 {[%emt 0:07:05]} 11. Bxd2 {[%emt 0:00:06]} O-O {[%emt 0:00:52]} 12. a4 {[%emt 0:05:45]} dxc4 {[%emt 0:10:36]} 13. Qxc4 {[%emt 0:02:30]} e5 {[%emt 0:00:06]} 14. a5 {[%emt 0:07:42]} a6 {[%emt 0:06:32]} 15. e4 {[%emt 0:09:28]} exd4 {[%emt 0:08:16]} 16. Bf4 {[%emt 0:07:48]} d3 {[%emt 0:21:24]} 17. Qxd3 {[%emt 0:07:12]} Nc5 {[%emt 0:00:25]} 18. Qc4 {[%emt 0:02:00]} Qe7 {[%emt 0:00:16]} 19. b4 {[%emt 0:08:05]} Ne6 {[%emt 0:06:06]} 20. Be3 {[%emt 0:00:31]} Rfd8 {[%emt 0:04:51]} 21. f4 {[%emt 0:01:41]} Nc7 {[%emt 0:07:33]} 22. Rae1 {[%emt 0:06:24]} Nb5 {[%emt 0:06:20]} 23. Bc5 {[%emt 0:03:56]} Qd7 {[%emt 0:01:13]} 24. Bb6 {[%emt 0:02:16]} Qd3 {[%emt 0:00:37]} 25. Qc1 {[%emt 0:00:57]} Re8 {[%emt 0:02:28]} 26. Re3 {[%emt 0:02:47]} Qd7 {[%emt 0:00:04]} 27. Rd1 {[%emt 0:01:43]} Qe6 {[%emt 0:00:06]} 28. Qc2 {[%emt 0:02:45]} Ng4 {[%emt 0:05:19]} 29. Red3 {[%emt 0:00:49]} g5 {[%emt 0:03:09]} 30. h3 {[%emt 0:02:07]} Nf6 {[%emt 0:00:15]} 31. fxg5 {[%emt 0:00:57]} Nh5 {[%emt 0:01:25]} 32. Qf2 {[%emt 0:01:40]} Qe5 {[%emt 0:00:32]} 33. Rf1 {[%emt 0:01:03]} Qxg5 {[%emt 0:00:16]} 34. Qxf7+ {[%emt 0:00:55]} Kh8 {[%emt 0:00:05]} 35. Rf5 {[%emt 0:02:00]} Qc1+ {[%emt 0:00:15]} 36. Kh2 {[%emt 0:00:29]} Nf6 {[%emt 0:00:19]} 37. Rxf6 {[%emt 0:00:24]} 1-0

[Event "POL-chT DMP Ekstraliga 2019"]
[Site "Katowice"]
[Date "2019.08.30"]
[Round "3.19"]
[White "Kuzmicz, Krystian"]
[Black "Bartel, Mateusz"]
[Result "0-1"]
[WhiteElo "2461"]
[BlackElo "2612"]
[Annotator "TA"]
[PlyCount "80"]
[EventDate "2019.08.28"]
[EventType "team-tourn"]
[EventCountry "POL"]
[SourceTitle "playchess.com"]
[Source "ChessBase"]
[SourceQuality "1"]

{[%evp 12,80,15,11,44,38,41,38,33,44,47,43,41,29,23,27,34,29,37,0,0,0,0,0,12,-19,0,0,0,0,0,0,24,0,12,0,0,0,0,0,9,0,63,38,54,0,18,0,15,1,63,0,49,0,0,0,0,0,0,0,47,-8,-14,-83,-83,-91,-89,-489,-482,-29972,-29972]} 1. Nf3 d5 2. e3 Nf6 3. c4 g6 4. b3 Bg7 5. Bb2 c6 6. Nc3 O-O 7. Be2 a6 {A11: English Opening: 1...c6} 8. O-O Bg4 9. d4 Nbd7 {White is slightly better.} 10. h3 Bxf3 11. Bxf3 {[%cal Rc4d5]} e6 12. Qe2 (12. Qc2 Qe7 13. a4 Rfd8 14. Ba3 Qe8 15. Rfd1 Bf8 16. Bb2 {½-½ (48) Navara,D (2737)-Ivanchuk,V (2738) Prague 2017}) 12... Re8 13. Rfd1 h5 $146 ({Predecessor:} 13... Qa5 14. Qd2 Qd8 15. Be2 Rc8 16. Bf1 {½-½ (59) Radovanovic,M (2419)-Kulkarni,C (2281) Veliko Gradiste 2018}) 14. Rac1 Qe7 15. e4 dxe4 16. Nxe4 Nxe4 17. Bxe4 Rad8 18. Bb1 Nb6 {[%cal Bd7b6,Bb6c8,Bc8d6][%mdl 32]} 19. Rd3 Nc8 20. Rcd1 Qh4 21. Bc3 Nd6 22. Re3 Qg5 23. Rg3 Qh4 24. Re3 Qg5 25. Rg3 Qe7 26. Re3 Qd7 (26... Qg5 $11) 27. Ba5 $14 Rb8 28. Bc3 ({White should play} 28. g4 $14) 28... b5 29. Bc2 b4 30. Bb2 Rbd8 (30... Nf5 $11) 31. Bb1 (31. g4 $14) 31... a5 32. a3 Qa7 33. axb4 axb4 34. g4 hxg4 35. hxg4 Qe7 36. Qf3 (36. Rh3 $14) 36... c5 $11 37. dxc5 {[#]} (37. Ree1 $11) 37... Nxc4 $1 $17 {[%mdl 64] Discovered Attack} 38. Rxd8 Rxd8 39. Bxg7 $4 {[%mdl 8192]} (39. bxc4 $17 {was the crucial defense.} Bxb2 40. c6) 39... Nxe3 $19 40. Bf6 {[#]} (40. Qxe3 $19 Kxg7 41. Bd3) 40... Qxf6 $1 {[%mdl 512] Accuracy: White = 37%, Black = 49%.} 0-1

[Event "POL-chT DMP Ekstraliga 2019"]
[Site "Katowice"]
[Date "2019.08.30"]
[Round "3.21"]
[White "Skawinski, Arkadiusz"]
[Black "Tazbir, Marcin"]
[Result "1-0"]
[WhiteElo "2398"]
[BlackElo "2521"]
[Annotator "ChessBase"]
[PlyCount "127"]
[EventDate "2019.08.28"]
[EventType "team-tourn"]
[EventCountry "POL"]
[SourceTitle "playchess.com"]
[Source "ChessBase"]
[SourceQuality "1"]
[TimeControl "40/5400+30:1800+30"]

1. e4 {[%emt 0:00:00]} e5 {[%emt 0:00:00]} 2. Nf3 {[%emt 0:00:00]} Nc6 {[%emt 0:00:00]} 3. Bb5 {[%emt 0:00:00]} a6 {[%emt 0:00:04]} 4. Ba4 {[%emt 0:00:00]} Nge7 {[%emt 0:00:09]} 5. c3 {[%emt 0:00:37]} g6 {[%emt 0:00:52]} 6. d4 {[%emt 0:00:04]} exd4 {[%emt 0:00:09]} 7. cxd4 {[%emt 0:00:04]} Bg7 {[%emt 0:00:05]} 8. Nc3 {[%emt 0:05:33]} b5 {[%emt 0:02:20]} 9. Bb3 {[%emt 0:00:11]} Na5 {[%emt 0:04:24]} 10. Bc2 {[%emt 0:00:14]} d6 {[%emt 0:01:54]} 11. h3 {[%emt 0:07:02]} O-O {[%emt 0:05:55]} 12. O-O {[%emt 0:00:06]} c5 {[%emt 0:03:22]} 13. Ne2 {[%emt 0:20:25]} Qb6 {[%emt 0:09:26]} 14. b3 {[%emt 0:14:08]} c4 {[%emt 0:09:18]} 15. d5 {[%emt 0:09:20]} Bd7 {[%emt 0:25:29]} 16. Be3 {[%emt 0:00:56]} Qc7 {[%emt 0:00:23]} 17. b4 {[%emt 0:05:00]} Nb7 {[%emt 0:00:20]} 18. Bd4 {[%emt 0:00:04]} a5 {[%emt 0:02:12]} 19. Bxg7 {[%emt 0:03:48]} Kxg7 {[%emt 0:00:05]} 20. Qd4+ {[%emt 0:00:02]} f6 {[%emt 0:00:07]} 21. a3 {[%emt 0:00:04]} Nd8 {[%emt 0:01:47]} 22. Nc3 {[%emt 0:00:59]} Nf7 {[%emt 0:01:10]} 23. Qe3 {[%emt 0:05:36]} Rfe8 {[%emt 0:03:42]} 24. Nd4 {[%emt 0:02:07]} Qb7 {[%emt 0:05:54]} 25. Qd2 {[%emt 0:03:05]} Ra6 {[%emt 0:08:05]} 26. bxa5 {[%emt 0:05:08]} Rxa5 {[%emt 0:00:55]} 27. Rfb1 {[%emt 0:02:54]} Qa6 {[%emt 0:01:16]} 28. Rb4 {[%emt 0:02:41]} Rxa3 {[%emt 0:07:57]} 29. Rxa3 {[%emt 0:00:08]} Qxa3 {[%emt 0:00:02]} 30. Ncxb5 {[%emt 0:00:08]} Qa5 {[%emt 0:00:05]} 31. Qc3 {[%emt 0:02:40]} Rb8 {[%emt 0:01:11]} 32. Rxc4 {[%emt 0:07:47]} Rxb5 {[%emt 0:00:37]} 33. Qxa5 {[%emt 0:00:22]} Rxa5 {[%emt 0:00:04]} 34. Rc7 {[%emt 0:00:05]} Ne5 {[%emt 0:04:52]} 35. f4 {[%emt 0:00:07]} Rc5 {[%emt 0:00:15]} 36. Rb7 {[%emt 0:01:28]} Kf8 {[%emt 0:01:15]} 37. fxe5 {[%emt 0:01:08]} fxe5 {[%emt 0:00:07]} 38. Nb3 {[%emt 0:01:07]} Rxc2 {[%emt 0:01:08]} 39. Rxd7 {[%emt 0:00:29]} Re2 {[%emt 0:01:21]} 40. Rxd6 {[%emt 0:00:00]} Rxe4 {[%emt 0:00:00]} 41. Rd8+ {[%emt 0:00:48]} Kf7 {[%emt 0:02:01]} 42. d6 {[%emt 0:02:36]} Ng8 {[%emt 0:05:10]} 43. Rd7+ {[%emt 0:02:06]} Ke8 {[%emt 0:01:11]} 44. Nc5 {[%emt 0:06:43]} Re1+ {[%emt 0:08:19]} 45. Kh2 {[%emt 0:00:49]} Rd1 {[%emt 0:03:51]} 46. Rg7 {[%emt 0:00:57]} Kf8 {[%emt 0:00:45]} 47. Ne6+ {[%emt 0:05:55]} Ke8 {[%emt 0:00:19]} 48. Rxg8+ {[%emt 0:00:11]} Kf7 {[%emt 0:00:07]} 49. d7 {[%emt 0:00:02]} Rxd7 {[%emt 0:00:28]} 50. Nc5 {[%emt 0:00:02]} Rd4 {[%emt 0:03:34]} 51. Ra8 {[%emt 0:00:36]} h5 {[%emt 0:00:20]} 52. Ra4 {[%emt 0:00:05]} Rd5 {[%emt 0:00:51]} 53. Ne4 {[%emt 0:00:05]} Ke6 {[%emt 0:00:13]} 54. Ra6+ {[%emt 0:00:47]} Kf7 {[%emt 0:01:08]} 55. Ng5+ {[%emt 0:00:17]} Kg7 {[%emt 0:00:06]} 56. h4 {[%emt 0:00:08]} Rb5 {[%emt 0:00:11]} 57. Re6 {[%emt 0:00:29]} Rb4 {[%emt 0:00:22]} 58. g3 {[%emt 0:00:08]} Rb2+ {[%emt 0:00:22]} 59. Kh3 {[%emt 0:07:45]} Re2 {[%emt 0:00:08]} 60. Nf3 {[%emt 0:00:34]} e4 {[%emt 0:00:12]} 61. Ne5 {[%emt 0:01:01]} Re1 {[%emt 0:00:42]} 62. Nxg6 {[%emt 0:00:24]} Kf7 {[%emt 0:00:33]} 63. Nf4 {[%emt 0:00:05]} e3 {[%emt 0:00:10]} 64. Kg2 {[%emt 0:00:13]} 1-0

[Event "POL-chT DMP Ekstraliga 2019"]
[Site "Katowice"]
[Date "2019.08.30"]
[Round "3.22"]
[White "Sadzikowski, Daniel"]
[Black "Butkiewicz, Lukasz"]
[Result "1/2-1/2"]
[WhiteElo "2502"]
[BlackElo "2436"]
[Annotator "ChessBase"]
[PlyCount "37"]
[EventDate "2019.08.28"]
[EventType "team-tourn"]
[EventCountry "POL"]
[SourceTitle "playchess.com"]
[Source "ChessBase"]
[SourceQuality "1"]
[TimeControl "40/5400+30:1800+30"]

1. e4 {[%emt 0:00:00]} c6 {[%emt 0:00:00]} 2. Nc3 {[%emt 0:00:42]} d5 {[%emt 0:01:05]} 3. Nf3 {[%emt 0:00:05]} g6 {[%emt 0:02:34]} 4. d4 {[%emt 0:00:10]} Bg7 {[%emt 0:00:55]} 5. h3 {[%emt 0:00:01]} Nf6 {[%emt 0:01:04]} 6. e5 {[%emt 0:02:35]} Ne4 {[%emt 0:00:35]} 7. Nxe4 {[%emt 0:00:02]} dxe4 {[%emt 0:00:05]} 8. Ng5 {[%emt 0:00:07]} c5 {[%emt 0:00:24]} 9. dxc5 {[%emt 0:00:02]} Qxd1+ {[%emt 0:04:54]} 10. Kxd1 {[%emt 0:00:03]} Nc6 {[%emt 0:01:01]} 11. Bb5 {[%emt 0:31:40]} Bxe5 {[%emt 0:06:13]} 12. c3 {[%emt 0:11:38]} f5 {[%emt 0:11:35]} 13. Bc4 {[%emt 0:02:20]} Bf6 {[%emt 0:01:27]} 14. f3 {[%emt 0:14:19]} exf3 {[%emt 0:07:52]} 15. gxf3 {[%emt 0:00:01]} Bd7 {[%emt 0:00:54]} 16. Bf7+ {[%emt 0:03:09]} Kf8 {[%emt 0:01:11]} 17. Bd5 {[%emt 0:00:16]} Kg7 {[%emt 0:06:43]} 18. Ne6+ {[%emt 0:01:03]} Bxe6 {[%emt 0:00:55]} 19. Bxe6 {[%emt 0:00:11]} 1/2-1/2

[Event "POL-chT DMP Ekstraliga 2019"]
[Site "Katowice"]
[Date "2019.08.30"]
[Round "3.23"]
[White "Bronowicki, Mateusz"]
[Black "Wieczorek, Oskar"]
[Result "0-1"]
[WhiteElo "2271"]
[BlackElo "2497"]
[Annotator "ChessBase"]
[PlyCount "62"]
[EventDate "2019.08.28"]
[EventType "team-tourn"]
[EventCountry "POL"]
[SourceTitle "playchess.com"]
[Source "ChessBase"]
[SourceQuality "1"]
[TimeControl "40/5400+30:1800+30"]

1. d4 {[%emt 0:00:00]} Nf6 {[%emt 0:00:25]} 2. c4 {[%emt 0:00:00]} g6 {[%emt 0:00:10]} 3. g3 {[%emt 0:00:24]} Bg7 {[%emt 0:01:16]} 4. Bg2 {[%emt 0:00:13]} O-O {[%emt 0:01:07]} 5. Nc3 {[%emt 0:00:16]} d6 {[%emt 0:00:17]} 6. e4 {[%emt 0:06:20]} c5 {[%emt 0:02:29]} 7. d5 {[%emt 0:13:09]} e6 {[%emt 0:07:00]} 8. Nge2 {[%emt 0:06:52]} Na6 {[%emt 0:04:02]} 9. O-O {[%emt 0:05:33]} exd5 {[%emt 0:01:14]} 10. exd5 {[%emt 0:02:07]} Nc7 {[%emt 0:00:24]} 11. a3 {[%emt 0:04:25]} b5 {[%emt 0:09:00]} 12. b4 {[%emt 0:13:08]} cxb4 {[%emt 0:05:55]} 13. axb4 {[%emt 0:00:31]} bxc4 {[%emt 0:00:35]} 14. Be3 {[%emt 0:10:29]} a6 {[%emt 0:06:37]} 15. b5 {[%emt 0:10:55]} axb5 {[%emt 0:07:33]} 16. Rxa8 {[%emt 0:00:09]} Nxa8 {[%emt 0:00:07]} 17. Nxb5 {[%emt 0:00:30]} Bf5 {[%emt 0:11:59]} 18. Ned4 {[%emt 0:01:50]} Bd3 {[%emt 0:02:38]} 19. Nc6 {[%emt 0:04:19]} Qd7 {[%emt 0:00:36]} 20. Re1 {[%emt 0:00:04]} Nc7 {[%emt 0:01:40]} 21. Nxc7 {[%emt 0:07:58]} Qxc7 {[%emt 0:00:13]} 22. Bd4 {[%emt 0:00:06]} Qb7 {[%emt 0:10:37]} 23. h3 {[%emt 0:05:34]} Re8 {[%emt 0:04:05]} 24. Rxe8+ {[%emt 0:02:00]} Nxe8 {[%emt 0:00:11]} 25. Bxg7 {[%emt 0:01:47]} Kxg7 {[%emt 0:07:26]} 26. g4 {[%emt 0:01:05]} Qb2 {[%emt 0:04:52]} 27. Bf1 {[%emt 0:00:32]} Bxf1 {[%emt 0:01:48]} 28. Kxf1 {[%emt 0:02:06]} Nf6 {[%emt 0:00:17]} 29. Nd4 {[%emt 0:01:17]} Nxd5 {[%emt 0:02:55]} 30. Nf5+ {[%emt 0:00:08]} gxf5 {[%emt 0:00:07]} 31. Qxd5 {[%emt 0:00:05]} Qb1+ {[%emt 0:00:42]} 0-1